000 00503nam a2200181Ia 4500
008 151202s9999||||xx |||||||||||||| ||und||
082 _bPNVM-2252
100 _aGOVT. OF INDIA.
245 _aREPORT OF GROW MORE FOOD ENQUIRY COMMITTEE.
260 _bGOVT. OF INDIA.
260 _c0
300 _a0
600 _aGOVT. OF INDIA.
630 _aREPORT OF GROW MORE FOOD ENQUIRY COMMITTEE.
700 _aGOVT. OF INDIA.
730 _aREPORT OF GROW MORE FOOD ENQUIRY COMMITTEE.
942 _cBOOK
999 _c1268250
_d1268247